<?xml version="1.0" encoding="UTF-8"?>
<record
    xmlns:xsi="http://www.w3.org/2001/XMLSchema-instance"
    xsi:schemaLocation="http://www.loc.gov/MARC21/slim http://www.loc.gov/standards/marcxml/schema/MARC21slim.xsd"
    xmlns="http://www.loc.gov/MARC21/slim">

  <leader>01419nam a2200385 ia4500</leader>
  <controlfield tag="003">PPAK</controlfield>
  <controlfield tag="005">20251007164424.0</controlfield>
  <controlfield tag="008">251007s2025    my a   jr     000 1 may d</controlfield>
  <datafield tag="020" ind1=" " ind2=" ">
    <subfield code="a">9789672700579</subfield>
    <subfield code="q">set</subfield>
  </datafield>
  <datafield tag="020" ind1=" " ind2=" ">
    <subfield code="a">9789672700548</subfield>
    <subfield code="c">RM 27.50</subfield>
    <subfield code="q">paperback</subfield>
  </datafield>
  <datafield tag="040" ind1=" " ind2=" ">
    <subfield code="a">PPAK</subfield>
    <subfield code="b">eng</subfield>
    <subfield code="c">PPAK</subfield>
    <subfield code="e">rda</subfield>
  </datafield>
  <datafield tag="082" ind1="0" ind2="4">
    <subfield code="2">23</subfield>
    <subfield code="a">499.2386</subfield>
  </datafield>
  <datafield tag="090" ind1="0" ind2="0">
    <subfield code="a">499.2386</subfield>
    <subfield code="b">UMM</subfield>
    <subfield code="d">K</subfield>
  </datafield>
  <datafield tag="100" ind1="0" ind2=" ">
    <subfield code="a">Ummu Soleh, </subfield>
    <subfield code="d">1985-</subfield>
    <subfield code="e">author.</subfield>
  </datafield>
  <datafield tag="245" ind1="1" ind2="0">
    <subfield code="a">Nana Diserang Ular = &#x646;&#x627;&#x646; &#x62F;&#x633;&#x631;&#x6A0; &#x627;&#x648;&#x644;&#x631; /</subfield>
    <subfield code="c">UMMU SOLEH</subfield>
  </datafield>
  <datafield tag="264" ind1=" " ind2=" ">
    <subfield code="a">Petaling Jaya, Selangor : </subfield>
    <subfield code="b">SPEKTRUM JAYA RESOURCES,</subfield>
    <subfield code="c">[2025?]</subfield>
  </datafield>
  <datafield tag="300" ind1=" " ind2=" ">
    <subfield code="a">22 pages :</subfield>
    <subfield code="b">colour illustrations ;</subfield>
    <subfield code="c">26 cm</subfield>
  </datafield>
  <datafield tag="336" ind1=" " ind2=" ">
    <subfield code="a">text</subfield>
    <subfield code="2">rdacontent</subfield>
  </datafield>
  <datafield tag="337" ind1=" " ind2=" ">
    <subfield code="a">unmediated</subfield>
    <subfield code="2">rdamedia</subfield>
  </datafield>
  <datafield tag="338" ind1=" " ind2=" ">
    <subfield code="a">volume</subfield>
    <subfield code="2">rdacarrier</subfield>
  </datafield>
  <datafield tag="490" ind1="1" ind2=" ">
    <subfield code="a">SIRI MEMBINA KARAMAH INSANIAH</subfield>
  </datafield>
  <datafield tag="490" ind1="1" ind2=" ">
    <subfield code="a">&#x633;&#x64A;&#x631;&#x64A; &#x645;&#x645;&#x628;&#x64A;&#x646;&#x627; &#x643;&#x631;&#x627;&#x645;&#x647; &#x627;&#x646;&#x633;&#x627;&#x646;&#x64A;&#x647;</subfield>
  </datafield>
  <datafield tag="500" ind1=" " ind2=" ">
    <subfield code="a">Includes questions and exercises
</subfield>
  </datafield>
  <datafield tag="500" ind1=" " ind2=" ">
    <subfield code="a">&#x633;&#x648;&#x643;&#x648; &#x643;&#x627;&#x62A; &#x628;&#x631;&#x648;&#x631;&#x646;&#x627;
Suku Kata Berwarna -- Cover page</subfield>
  </datafield>
  <datafield tag="500" ind1=" " ind2=" ">
    <subfield code="a">INFO STEM
KEMAHIRAN BERFIKIR ARAS TINGGI -- Cover page</subfield>
  </datafield>
  <datafield tag="546" ind1=" " ind2=" ">
    <subfield code="a">Text parallel in Malay and Jawi script</subfield>
  </datafield>
  <datafield tag="650" ind1="1" ind2="0">
    <subfield code="a">Malay language </subfield>
    <subfield code="v">Readers</subfield>
  </datafield>
  <datafield tag="650" ind1="2" ind2="0">
    <subfield code="a">Children's stories, Malay </subfield>
  </datafield>
  <datafield tag="650" ind1="2" ind2="0">
    <subfield code="a">Malay fiction</subfield>
  </datafield>
  <datafield tag="650" ind1="2" ind2="0">
    <subfield code="a">Didactic fiction, Malay</subfield>
  </datafield>
  <datafield tag="650" ind1="2" ind2="0">
    <subfield code="a">Jawi alphabet  </subfield>
    <subfield code="x">Reading</subfield>
  </datafield>
  <datafield tag="830" ind1=" " ind2="0">
    <subfield code="a">Siri membina karamah insaniah</subfield>
  </datafield>
  <datafield tag="830" ind1=" " ind2="0">
    <subfield code="a">&#x633;&#x64A;&#x631;&#x64A; &#x645;&#x645;&#x628;&#x64A;&#x646;&#x627; &#x643;&#x631;&#x627;&#x645;&#x647; &#x627;&#x646;&#x633;&#x627;&#x646;&#x64A;&#x647;</subfield>
  </datafield>
  <datafield tag="942" ind1=" " ind2=" ">
    <subfield code="2">ddc</subfield>
    <subfield code="c">B</subfield>
  </datafield>
  <datafield tag="999" ind1=" " ind2=" ">
    <subfield code="c">201104</subfield>
    <subfield code="d">201104</subfield>
  </datafield>
  <datafield tag="952" ind1=" " ind2=" ">
    <subfield code="0">0</subfield>
    <subfield code="7">0</subfield>
    <subfield code="b">PPAK</subfield>
    <subfield code="c">K</subfield>
    <subfield code="d">2025-10-09</subfield>
    <subfield code="l">1</subfield>
    <subfield code="o">K 499.2386 UMM</subfield>
    <subfield code="p">A01885619</subfield>
    <subfield code="r">2026-05-12 10:54:42</subfield>
    <subfield code="s">2026-04-25</subfield>
    <subfield code="y">B</subfield>
  </datafield>
  <datafield tag="952" ind1=" " ind2=" ">
    <subfield code="0">0</subfield>
    <subfield code="7">0</subfield>
    <subfield code="b">SP</subfield>
    <subfield code="c">K</subfield>
    <subfield code="d">2025-10-09</subfield>
    <subfield code="l">0</subfield>
    <subfield code="o">K 499.2386 UMM</subfield>
    <subfield code="p">A01885620</subfield>
    <subfield code="r">2025-10-09 12:56:38</subfield>
    <subfield code="y">B</subfield>
  </datafield>
  <datafield tag="952" ind1=" " ind2=" ">
    <subfield code="0">0</subfield>
    <subfield code="7">0</subfield>
    <subfield code="b">JT</subfield>
    <subfield code="c">K</subfield>
    <subfield code="d">2025-10-09</subfield>
    <subfield code="l">0</subfield>
    <subfield code="o">K 499.2386 UMM</subfield>
    <subfield code="p">A01885621</subfield>
    <subfield code="r">2025-10-09 12:56:38</subfield>
    <subfield code="y">B</subfield>
  </datafield>
  <datafield tag="952" ind1=" " ind2=" ">
    <subfield code="0">0</subfield>
    <subfield code="7">0</subfield>
    <subfield code="b">LW</subfield>
    <subfield code="c">K</subfield>
    <subfield code="d">2025-10-09</subfield>
    <subfield code="l">0</subfield>
    <subfield code="o">K 499.2386 UMM</subfield>
    <subfield code="p">A01885622</subfield>
    <subfield code="r">2025-10-09 12:56:38</subfield>
    <subfield code="y">B</subfield>
  </datafield>
  <datafield tag="952" ind1=" " ind2=" ">
    <subfield code="0">0</subfield>
    <subfield code="7">0</subfield>
    <subfield code="b">KM</subfield>
    <subfield code="c">K</subfield>
    <subfield code="d">2025-10-09</subfield>
    <subfield code="l">0</subfield>
    <subfield code="o">K 499.2386 UMM</subfield>
    <subfield code="p">A01885623</subfield>
    <subfield code="r">2025-10-09 12:56:38</subfield>
    <subfield code="y">B</subfield>
  </datafield>
</record>
